000 00666nam a2200205Ia 4500
005 20260121110327.0
008 008 260114s9999 xx 000 0 hin d
020 _a9788132352501
037 _aEBOOK
040 _aCRL
_bhin
_cCRL
041 _ahin
_2hin
084 _qCRL
100 _aअवधेश राय / Avadhesh Rai
_9944817
245 0 _aगाँधी जी का सामाजिक चिंतन / Gandhi Ji ka Samajik Chintan
260 _bभाषा प्रकाशन / Bhasha Prakashan
_c2020
856 _uhttps://bhashaprakashan.com/product-details/378590
942 _cEBOOK
999 _c1536481
_d1536481